000 00632nam a2200181 4500
001 119671
003 ES-MaACL
005 20230906191354.0
007 t|
008 070214s1925 sp r ||||1| spa d
100 1 _aPermanyer y Bofarull, Tirso.
_991297
245 1 3 _aLa rica, dulce y sabrosa cuenta corriente de valores /
_cTirso Permanyer y Bofarull.
260 _aBarcelona :
_b[s.n.],
_c1925 (
_fTip. Imperial)
300 _a24 p. ;
_c21 cm.
500 _aSegunda conferencia leĆ­da en el Ateneo de Santa Perpetua el 9 septiembre 1925.
710 2 _aAteneo de Santa Perpetua.
_92023
852 _aES-MaACL
_j1689-F-17
_bR.5441
999 _c119671
_d119671